000
00344nam a2200157Ia 4500
003
Ost
005
20260225132540.0
008
260225s9999||||xx |||||||||||||| ||und||
040
_c
fsic
041
_a
fre
082
_a
302.2
100
_a
Joel gayet
_e
Auteur
245
0
_a
La total communication /
245
0
_c
Joel gayet
942
_c
كتاب
999
_c
33440
_d
33440